[Event "First Saturday 2011 marcius GM"]
[Site "Budapest"]
[Date "2011.03.05"]
[Round "1"]
[White "Mirzoev, Azer"]
[Black "Natsidis, Christoph"]
[Result "0-1"]
[WhiteElo "2571"]
[BlackElo "2329"]
[PlyCount "82"]
[EventDate "2011.03.05"]

1. c4 Nf6 2. d4 e6 3. Nc3 Bb4 4. e3 O-O 5. Nge2 d5 6. a3 Be7 7. cxd5 exd5 8. g3
c6 9. Bg2 Bf5 10. h3 h6 11. g4 Bh7 12. O-O Nbd7 13. f4 Re8 14. f5 Bd6 15. Bd2
Nb6 16. b3 Bc7 17. Nf4 g5 18. fxg6 fxg6 19. Rf2 g5 20. Nfe2 Qd6 21. Bh1 Rf8 22.
Qf1 a5 23. Ra2 Ne4 24. Bxe4 dxe4 25. Rxf8+ Rxf8 26. Qg2 Rf3 27. Ra1 Qf8 28. a4
Qf7 29. Rb1 Bg6 30. Rb2 Bh2+ 31. Kxh2 Rf2 32. Ng1 Rxg2+ 33. Kxg2 h5 34. gxh5
Bxh5 35. Be1 Bf3+ 36. Kh2 c5 37. Bg3 c4 38. bxc4 Qxc4 39. Rxb6 Qxc3 40. Nxf3
exf3 41. Bf2 Qc7+ 0-1

[Event "First Saturday 2011 marcius GM"]
[Site "Budapest"]
[Date "2011.03.05"]
[Round "1"]
[White "Narayanan, Srinath"]
[Black "Kislik, Erik Andrew"]
[Result "1/2-1/2"]
[WhiteElo "2310"]
[BlackElo "2319"]
[PlyCount "80"]
[EventDate "2011.03.05"]

1. e4 e5 2. Nf3 Nc6 3. Bb5 Nf6 4. d3 Bc5 5. O-O d6 6. Nc3 a6 7. Bxc6+ bxc6 8.
d4 exd4 9. Nxd4 Bxd4 10. Qxd4 c5 11. Qd3 Ng4 12. Qg3 O-O 13. b3 f6 14. f4 Nh6
15. Bb2 Bb7 16. Rad1 Qe8 17. Rfe1 Qf7 18. Qd3 Rfe8 19. Nd5 Bxd5 20. exd5 Rxe1+
21. Rxe1 Re8 22. Rxe8+ Qxe8 23. Bc3 Nf5 24. Bd2 Qc8 25. Qe4 h5 26. Ba5 g6 27.
h3 Kf7 28. b4 cxb4 29. Bxb4 Qe8 30. Qxe8+ Kxe8 31. Kf2 Kd7 32. c4 Ne7 33. Bc3
f5 34. Bf6 Nc8 35. Bd4 Nb6 36. Bxb6 cxb6 37. g4 h4 38. gxf5 gxf5 39. Ke3 Kc7
40. a4 a5 1/2-1/2

[Event "First Saturday 2011 marcius GM"]
[Site "Budapest"]
[Date "2011.03.05"]
[Round "1"]
[White "Vajda, Levente"]
[Black "Neubronner, Jarred"]
[Result "1-0"]
[WhiteElo "2508"]
[BlackElo "2262"]
[PlyCount "73"]
[EventDate "2011.03.05"]

1. e4 c5 2. c3 Nf6 3. e5 Nd5 4. Nf3 e6 5. d4 cxd4 6. cxd4 d6 7. Bc4 Nc6 8. O-O
Be7 9. Qe2 O-O 10. Nc3 dxe5 11. dxe5 Nxc3 12. bxc3 Qa5 13. Bd2 Rd8 14. Rfe1 Bd7
15. Bb3 Qc5 16. Qe4 g6 17. Bg5 Be8 18. Qh4 Rd3 19. Bxe7 Qxe7 20. Ng5 h5 21. Qf4
Kg7 22. Ne4 Bd7 23. Bc4 Rd5 24. Bxd5 exd5 25. Nf6 Be6 26. Rad1 Qc5 27. Qg5 Rh8
28. Qe3 Qc4 29. Rd2 b6 30. h3 Ne7 31. g4 hxg4 32. hxg4 Rc8 33. Rd3 Qxa2 34. Qg5
Rh8 35. Nh5+ Kf8 36. Nf4 d4 37. Rxd4 1-0

[Event "First Saturday 2011 marcius GM"]
[Site "Budapest"]
[Date "2011.03.05"]
[Round "1"]
[White "Goh, Wei Ming K"]
[Black "Szablowski, Pawel"]
[Result "1-0"]
[WhiteElo "2382"]
[BlackElo "2404"]
[PlyCount "47"]
[EventDate "2011.03.05"]

1. e4 e6 2. d4 d5 3. Nc3 Nf6 4. Bg5 Bb4 5. e5 h6 6. Be3 Ne4 7. a3 Bxc3+ 8. bxc3
c5 9. Bd3 Qa5 10. Bxe4 dxe4 11. Bd2 cxd4 12. cxd4 Qd5 13. Ne2 b6 14. c4 Qxc4
15. Rc1 Qa6 16. O-O O-O 17. Rc3 Bd7 18. Bxh6 gxh6 19. Nf4 f5 20. Qh5 Rf7 21.
Qxh6 Rg7 22. Nh5 Rg4 23. Rg3 Qe2 24. Rxg4+ 1-0

[Event "First Saturday 2011 marcius GM"]
[Site "Budapest"]
[Date "2011.03.05"]
[Round "1"]
[White "Womacka, Matthias"]
[Black "Carlstedt, Jonathan"]
[Result "1/2-1/2"]
[WhiteElo "2475"]
[BlackElo "2386"]
[PlyCount "120"]
[EventDate "2011.03.05"]

1. e4 c5 2. Nf3 d6 3. d4 cxd4 4. Nxd4 Nf6 5. Nc3 g6 6. Be3 Bg7 7. f3 Nc6 8. Qd2
O-O 9. O-O-O d5 10. exd5 Nxd5 11. Nxc6 bxc6 12. Bd4 e5 13. Bc5 Be6 14. Ne4 Re8
15. h4 h6 16. g4 Qc7 17. g5 h5 18. Bc4 Red8 19. Qe1 a5 20. a4 Rab8 21. b3 Bf8
22. Bxf8 Kxf8 23. Qf2 Qe7 24. Qc5 Bf5 25. Qxe7+ Kxe7 26. Rhe1 Nf4 27. Nf6 Rxd1+
28. Kxd1 Rd8+ 29. Kc1 Ng2 30. Rxe5+ Kd6 31. Rxa5 Nxh4 32. f4 Kc7 33. Ra7+ Kb6
34. Rxf7 Rd4 35. Bd3 Bxd3 36. cxd3 Rxd3 37. Kc2 Rh3 38. b4 Nf5 39. Nd7+ Kc7 40.
Ne5+ Kd6 41. Nxg6 Nd4+ 42. Kd2 Kd5 43. Rd7+ Ke4 44. Re7+ Kf5 45. Ne5 Kxf4 46.
g6 Nf5 47. Re8 h4 48. Nd3+ Kg5 49. a5 Rh1 50. Re1 Rh2+ 51. Re2 Rxe2+ 52. Kxe2
Kxg6 53. Ne5+ Kf6 54. Nxc6 h3 55. Kf2 Ne3 56. Kg3 Ke6 57. b5 Kd6 58. Nd4 Nc4
59. Nb3 Nxa5 60. Nxa5 Kc5 1/2-1/2

[Event "First Saturday 2011 marcius GM"]
[Site "Budapest"]
[Date "2011.03.06"]
[Round "2"]
[White "Natsidis, Christoph"]
[Black "Carlstedt, Jonathan"]
[Result "1/2-1/2"]
[WhiteElo "2329"]
[BlackElo "2386"]
[PlyCount "37"]
[EventDate "2011.03.05"]

1. d4 d5 2. c4 e6 3. Nf3 c5 4. g3 Nf6 5. Bg2 Be7 6. O-O O-O 7. dxc5 Bxc5 8. a3
a5 9. cxd5 exd5 10. Nc3 Nc6 11. Bf4 h6 12. Rc1 Bb6 13. Ne5 Re8 14. Nxc6 bxc6
15. Na4 Ba6 16. Re1 Bb5 17. Nxb6 Qxb6 18. Qc2 a4 19. e4 1/2-1/2

[Event "First Saturday 2011 marcius GM"]
[Site "Budapest"]
[Date "2011.03.06"]
[Round "2"]
[White "Szablowski, Pawel"]
[Black "Womacka, Matthias"]
[Result "1/2-1/2"]
[WhiteElo "2404"]
[BlackElo "2475"]
[PlyCount "42"]
[EventDate "2011.03.05"]

1. e4 c5 2. Nf3 d6 3. d4 cxd4 4. Nxd4 Nf6 5. Nc3 a6 6. Be3 e5 7. Nb3 Be7 8. f3
Be6 9. Qd2 O-O 10. O-O-O a5 11. Bb5 Na6 12. Qe2 Qb8 13. g4 Nc7 14. Ba4 b5 15.
Nxb5 Nxb5 16. Qxb5 Qc7 17. Qb6 Qc8 18. Qc6 Qb8 19. Qb6 Qc8 20. Qc6 Qb8 21. Qb6
Qc8 {after 29 move} 1/2-1/2

[Event "First Saturday 2011 marcius GM"]
[Site "Budapest"]
[Date "2011.03.06"]
[Round "2"]
[White "Neubronner, Jarred"]
[Black "Goh, Wei Ming K"]
[Result "1-0"]
[WhiteElo "2262"]
[BlackElo "2382"]
[PlyCount "80"]
[EventDate "2011.03.05"]

1. c4 e5 2. e3 Nf6 3. b3 Nc6 4. Bb2 d5 5. cxd5 Nxd5 6. a3 Bd6 7. Qc2 f5 8. Bc4
Nb6 9. Be2 Qe7 10. d3 O-O 11. Nd2 Bd7 12. Ngf3 Rae8 13. e4 g5 14. exf5 Rxf5 15.
Ne4 Nd5 16. g3 Ref8 17. Nfd2 R5f7 18. Bh5 Rg7 19. h3 Nd8 20. Nc4 b5 21. Ne3
Nxe3 22. fxe3 g4 23. Bxg4 Bxg4 24. hxg4 Rxg4 25. a4 Bb4+ 26. Ke2 Qe6 27. Raf1
Rg7 28. Rxf8+ Kxf8 29. Rf1+ Kg8 30. Nf6+ Kh8 31. d4 bxa4 32. d5 Qe7 33. Qf5 Bd6
34. bxa4 Rxg3 35. Rh1 Rg7 36. Rh5 Rf7 37. Rh6 c6 38. Qg6 Rxf6 39. Qxf6+ Kg8 40.
Qxe7 Bxe7 1-0

[Event "First Saturday 2011 marcius GM"]
[Site "Budapest"]
[Date "2011.03.06"]
[Round "2"]
[White "Kislik, Erik Andrew"]
[Black "Vajda, Levente"]
[Result "0-1"]
[WhiteElo "2319"]
[BlackElo "2508"]
[PlyCount "60"]
[EventDate "2011.03.05"]

1. e4 e5 2. Nf3 Nc6 3. Bb5 a6 4. Ba4 Nf6 5. O-O Be7 6. Re1 b5 7. Bb3 O-O 8. a4
b4 9. d3 d6 10. a5 Be6 11. Nbd2 Rb8 12. Nc4 Nd7 13. Be3 Bf6 14. d4 exd4 15.
Nxd4 Bxd4 16. Bxd4 Rb5 17. f4 Nc5 18. Bxc5 Rxc5 19. Qd3 Qf6 20. Rf1 Qd4+ 21.
Qxd4 Nxd4 22. Ne3 Bxb3 23. cxb3 Re8 24. Nd5 Rxe4 25. Nxb4 Ne2+ 26. Kf2 Rxb4 27.
Kxe2 Rxb3 28. Rfe1 Kf8 29. Kf1 Rxb2 30. Re3 g6 0-1

[Event "First Saturday 2011 marcius GM"]
[Site "Budapest"]
[Date "2011.03.06"]
[Round "2"]
[White "Mirzoev, Azer"]
[Black "Narayanan, Srinath"]
[Result "1/2-1/2"]
[WhiteElo "2571"]
[BlackElo "2310"]
[PlyCount "53"]
[EventDate "2011.03.05"]

1. d4 Nf6 2. Bg5 e6 3. e3 c5 4. c3 h6 5. Bh4 b6 6. Nd2 Bb7 7. Ngf3 cxd4 8. cxd4
Be7 9. a3 O-O 10. Be2 d6 11. O-O Ne4 12. Nxe4 Bxe4 13. Bg3 Nd7 14. Rc1 Rc8 15.
Qa4 Rc7 16. Nd2 Ba8 17. Nb3 Bd5 18. Nd2 Qb8 19. f3 Rfc8 20. Rxc7 Rxc7 21. Nb1
b5 22. Qb4 Bc4 23. Bxc4 Rxc4 24. Qb3 a6 25. Nc3 Qc8 26. Be1 Nb6 27. Bd2 1/2-1/2

[Event "First Saturday 2011 marcius GM"]
[Site "Budapest"]
[Date "2011.03.07"]
[Round "3"]
[White "Goh, Wei Ming K"]
[Black "Kislik, Erik Andrew"]
[Result "1/2-1/2"]
[WhiteElo "2382"]
[BlackElo "2319"]
[PlyCount "68"]
[EventDate "2011.03.05"]

1. e4 c5 2. Nf3 Nc6 3. Bb5 g6 4. O-O Bg7 5. c3 a6 6. Bxc6 bxc6 7. d4 cxd4 8.
cxd4 Nh6 9. Nc3 O-O 10. Re1 f6 11. Bf4 d6 12. Qd2 Nf7 13. h3 Kh8 14. Rad1 Qa5
15. Qc1 g5 16. Bg3 g4 17. hxg4 Bxg4 18. Rd3 Rg8 19. Nh2 Bd7 20. Qd1 Rab8 21.
Qe2 Rb4 22. b3 Qg5 23. f4 Qa5 24. Rf1 Bh6 25. Be1 Rbb8 26. f5 Qb6 27. Kh1 Rg7
28. Bd2 Rbg8 29. Rf2 Bxd2 30. Qxd2 Qa7 31. Nf3 Rg4 32. Nh2 R4g7 33. Nf3 Rg4 34.
Nh2 R4g7 1/2-1/2

[Event "First Saturday 2011 marcius GM"]
[Site "Budapest"]
[Date "2011.03.07"]
[Round "3"]
[White "Womacka, Matthias"]
[Black "Neubronner, Jarred"]
[Result "0-1"]
[WhiteElo "2475"]
[BlackElo "2262"]
[PlyCount "61"]
[EventDate "2011.03.05"]

1. e4 c5 2. Nf3 e6 3. d4 cxd4 4. Nxd4 a6 5. Bd3 Bc5 6. Nb3 Ba7 7. Qg4 Nf6 8.
Qg3 d6 9. Nc3 Nc6 10. Bg5 h6 11. Bd2 b5 12. O-O-O b4 13. Ne2 Rb8 14. Qxg7 Ke7
15. Nf4 Ne5 16. Qg3 a5 17. Qh4 a4 18. Nh5 Neg4 19. e5 axb3 20. exf6+ Kd7 21.
cxb3 Nxf2 22. Bxb4 Qb6 23. Ba3 Bb7 24. Kb1 Nxh1 25. Rxh1 Qd4 26. Bb5+ Kd8 27.
Qxd4 Bxd4 28. Bxd6 Bxg2 29. Rd1 Be4+ 30. Ka1 Rxb5 31. Rxd4 {after 13 move} 0-1

[Event "First Saturday 2011 marcius GM"]
[Site "Budapest"]
[Date "2011.03.07"]
[Round "3"]
[White "Carlstedt, Jonathan"]
[Black "Szablowski, Pawel"]
[Result "0-1"]
[WhiteElo "2386"]
[BlackElo "2404"]
[PlyCount "56"]
[EventDate "2011.03.05"]

1. c4 b6 2. Nc3 Bb7 3. e4 e6 4. g3 f5 5. Bg2 Nf6 6. d3 fxe4 7. Nge2 Nc6 8. d4
Na5 9. b3 Bb4 10. O-O O-O 11. Bd2 Qe7 12. Qe1 c5 13. dxc5 bxc5 14. Nf4 d5 15.
Bh3 d4 16. Bxe6+ Kh8 17. Ncd5 Bxd2 18. Qxd2 Qd8 19. Qe2 Nc6 20. Bh3 Ne5 21. Ne6
Qd7 22. Ng5 Qd6 23. Nxf6 Qxf6 24. Nxe4 Qf3 25. Rae1 Qxe2 26. Rxe2 Nf3+ 27. Kg2
Rae8 28. Bg4 Rxe4 0-1

[Event "First Saturday 2011 marcius GM"]
[Site "Budapest"]
[Date "2011.03.08"]
[Round "4"]
[White "Natsidis, Christoph"]
[Black "Szablowski, Pawel"]
[Result "0-1"]
[WhiteElo "2329"]
[BlackElo "2404"]
[PlyCount "78"]
[EventDate "2011.03.05"]

1. d4 Nf6 2. c4 c5 3. d5 e5 4. Nc3 d6 5. e4 Nbd7 6. g3 g6 7. Bg2 Bg7 8. Nge2
O-O 9. O-O a6 10. h3 Nh5 11. Kh2 f5 12. f4 exf4 13. Nxf4 Nxf4 14. Bxf4 Ne5 15.
Qe2 Bd7 16. exf5 Bxf5 17. Ne4 Bxe4 18. Bxe4 b5 19. b3 bxc4 20. bxc4 Qa5 21. Qc2
Rab8 22. Rab1 Qa3 23. Rfc1 Rb4 24. Rxb4 Qxb4 25. Qe2 Qa4 26. Qc2 Qxc2+ 27. Rxc2
Rb8 28. Kg2 Rb4 29. Bxe5 Bxe5 30. Bf3 a5 31. g4 a4 32. Kf2 a3 33. Bd1 Rb1 34.
Rd2 Rc1 35. Bb3 Rc3 36. h4 Rxb3 37. axb3 Bb2 38. b4 a2 39. Rd1 cxb4 0-1

[Event "First Saturday 2011 marcius GM"]
[Site "Budapest"]
[Date "2011.03.08"]
[Round "4"]
[White "Neubronner, Jarred"]
[Black "Carlstedt, Jonathan"]
[Result "1-0"]
[WhiteElo "2262"]
[BlackElo "2386"]
[PlyCount "95"]
[EventDate "2011.03.05"]

1. e4 c5 2. Nf3 Nf6 3. Nc3 d5 4. exd5 Nxd5 5. g3 Nc6 6. Bg2 Bg4 7. h3 Bh5 8. d3
e6 9. O-O Be7 10. Re1 Nxc3 11. bxc3 O-O 12. Rb1 Rb8 13. a4 Bd6 14. g4 Bg6 15.
h4 f5 16. Ng5 fxg4 17. Qxg4 Bf5 18. Qh5 Ne5 19. f4 Ng4 20. Nxe6 Qe8 21. Qxe8
Rfxe8 22. Bd5 Kh8 23. Ba3 Nf6 24. Ng5 Rxe1+ 25. Rxe1 Bxf4 26. Nf7+ Kg8 27. Nd8+
Kh8 28. Nf7+ Kg8 29. Nh6+ Kh8 30. Nxf5 Nxd5 31. Bxc5 Bd2 32. Re5 Nxc3 33. Bxa7
Ra8 34. Bd4 Nxa4 35. Re7 Bc3 36. Bxg7+ Bxg7 37. Rxg7 Rf8 38. Rg5 Nc3 39. Kf2 b5
40. Ke3 Nd5+ 41. Ke4 Nb4 42. Nd4 Rc8 43. Rxb5 Nxc2 44. Nxc2 Rxc2 45. d4 Rh2 46.
h5 Rh4+ 47. Kd3 Kg7 48. Rf5 1-0

[Event "First Saturday 2011 marcius GM"]
[Site "Budapest"]
[Date "2011.03.08"]
[Round "4"]
[White "Kislik, Erik Andrew"]
[Black "Womacka, Matthias"]
[Result "1-0"]
[WhiteElo "2319"]
[BlackElo "2475"]
[PlyCount "93"]
[EventDate "2011.03.05"]

1. e4 c5 2. Nf3 d6 3. d4 cxd4 4. Nxd4 Nf6 5. Nc3 a6 6. Be3 e5 7. Nb3 Be7 8. f3
Be6 9. Qd2 O-O 10. O-O-O a5 11. Qe1 Qc8 12. a4 Nc6 13. g4 Nb4 14. Kb1 b6 15. h4
Qb7 16. h5 d5 17. g5 Nd7 18. h6 g6 19. exd5 Nxd5 20. Nxd5 Bxd5 21. Bh3 Rad8 22.
Qg3 Qc6 23. Bxb6 Nxb6 24. Qxe5 Bf6 25. Qxf6 Qxf6 26. gxf6 Bxf3 27. Rxd8 Rxd8
28. Rf1 Rd1+ 29. Rxd1 Bxd1 30. Nxa5 Bf3 31. Nb3 Nd5 32. Nd4 Bh1 33. a5 Nxf6 34.
a6 g5 35. Bc8 g4 36. Nf5 Kf8 37. b4 Ke8 38. Ng3 Bf3 39. Bf5 Kd8 40. Kb2 Kc7 41.
c4 Ng8 42. Bxh7 Nxh6 43. c5 f5 44. b5 f4 45. b6+ Kc8 46. Ne4 g3 47. c6 1-0

[Event "First Saturday 2011 marcius GM"]
[Site "Budapest"]
[Date "2011.03.08"]
[Round "4"]
[White "Mirzoev, Azer"]
[Black "Goh, Wei Ming K"]
[Result "1/2-1/2"]
[WhiteElo "2571"]
[BlackElo "2382"]
[PlyCount "140"]
[EventDate "2011.03.05"]

1. Nf3 Nf6 2. c4 e6 3. g3 a6 4. Bg2 b5 5. b3 c5 6. O-O Bb7 7. Bb2 Be7 8. e3 Qb6
9. d3 O-O 10. Qe2 d6 11. Nc3 Nbd7 12. Rfd1 Rfe8 13. h3 Rac8 14. Rac1 Bc6 15.
Ne1 Bxg2 16. Nxg2 Qb7 17. g4 h6 18. f4 d5 19. g5 hxg5 20. fxg5 Nh7 21. h4 Bd6
22. Rf1 bxc4 23. dxc4 dxc4 24. Qxc4 Be5 25. Rc2 f5 26. Na4 Bxb2 27. Nxb2 Ne5
28. Qf4 Qc7 29. Nc4 Nxc4 30. Qxc4 Qe5 31. Qxa6 Nf8 32. Qc4 Nd7 33. Qf4 Qd5 34.
Rff2 Ne5 35. Rcd2 Nd3 36. Qa4 Qe4 37. Qxe4 fxe4 38. Rf1 c4 39. bxc4 Rxc4 40.
Nf4 Ne5 41. Kg2 Rc3 42. Re2 Nc4 43. Rfe1 Rf8 44. Kg3 Kh7 45. Kh2 e5 46. Nd5 Rd3
47. Rc1 Nd2 48. Nb4 Nf1+ 49. Kg1 Ng3 50. Ree1 Rd2 51. Rc2 Rff2 52. Rxd2 Rxd2
53. h5 Nxh5 54. Rc1 Rb2 55. a3 Rb3 56. Nd5 Rxa3 57. Rc6 Rd3 58. Ne7 Rd2 59. Nf5
g6 60. Rc7+ Kg8 61. Nh6+ Kf8 62. Ng4 Rd5 63. Kg2 Kg8 64. Rc6 Kg7 65. Kf2 Kf7
66. Rb6 Kg7 67. Ra6 Rd2+ 68. Ke1 Rg2 69. Ra7+ Kf8 70. Nf6 Ng3 {after 5 move}
1/2-1/2

[Event "First Saturday 2011 marcius GM"]
[Site "Budapest"]
[Date "2011.03.08"]
[Round "4"]
[White "Narayanan, Srinath"]
[Black "Vajda, Levente"]
[Result "0-1"]
[WhiteElo "2310"]
[BlackElo "2508"]
[PlyCount "68"]
[EventDate "2011.03.05"]

1. e4 g6 2. d4 Bg7 3. Nc3 d6 4. Be3 a6 5. Qd2 Nd7 6. Nf3 b5 7. Bd3 Nb6 8. a4 c6
9. h3 Bb7 10. e5 d5 11. b3 Bc8 12. O-O Rb8 13. axb5 axb5 14. Na2 e6 15. Nb4 Bb7
16. Nh2 Nd7 17. Ra7 Ne7 18. Bg5 Qb6 19. Rfa1 Nc8 20. R7a2 Qxd4 21. Be3 Qxe5 22.
Bf4 Qc3 23. Qxc3 Bxc3 24. Bxb8 Bxa1 25. Rxa1 Nxb8 26. c4 dxc4 27. bxc4 c5 28.
Nc2 b4 29. Ra5 Nd7 30. Na1 Ke7 31. Nb3 Kd6 32. Ng4 h5 33. Ne3 Bc6 34. Nc2 Ne7
0-1

[Event "First Saturday 2011 marcius GM"]
[Site "Budapest"]
[Date "2011.03.09"]
[Round "5"]
[White "Vajda, Levente"]
[Black "Natsidis, Christoph"]
[Result "1-0"]
[WhiteElo "2508"]
[BlackElo "2329"]
[PlyCount "63"]
[EventDate "2011.03.05"]

1. e4 c5 2. c3 g6 3. d4 cxd4 4. cxd4 d5 5. e5 Nc6 6. Nc3 Nh6 7. Bf4 Bg7 8. Qd2
Nf5 9. Nf3 f6 10. g4 Nfxd4 11. Nxd4 fxe5 12. Nxc6 bxc6 13. Bh6 Bxh6 14. Qxh6
Bxg4 15. Rg1 Bh5 16. Be2 Bxe2 17. Nxe2 Qd6 18. Rc1 O-O-O 19. Rg3 Kb7 20. Ra3
Ka8 21. Ra6 Rc8 22. Qe3 d4 23. Qe4 Kb7 24. Ra3 Rhf8 25. Rc4 Qd5 26. Qxd5 cxd5
27. Rca4 Ra8 28. f4 exf4 29. Rxd4 f3 30. Nf4 e5 31. Rb4+ Kc6 32. Ra6+ 1-0

[Event "First Saturday 2011 marcius GM"]
[Site "Budapest"]
[Date "2011.03.09"]
[Round "5"]
[White "Goh, Wei Ming K"]
[Black "Narayanan, Srinath"]
[Result "1-0"]
[WhiteElo "2382"]
[BlackElo "2310"]
[PlyCount "65"]
[EventDate "2011.03.05"]

1. e4 c5 2. Nf3 d6 3. d4 cxd4 4. Nxd4 Nf6 5. Nc3 a6 6. Bg5 e6 7. f4 Be7 8. Qf3
Qc7 9. O-O-O Nbd7 10. Qg3 g6 11. Be2 h6 12. Bxf6 Bxf6 13. e5 dxe5 14. Nxe6 fxe6
15. Qxg6+ Ke7 16. Ne4 Rf8 17. Bh5 Qc4 18. Qh7+ Kd8 19. Kb1 Be7 20. fxe5 a5 21.
Rhe1 Ra6 22. Be2 Qc7 23. Bxa6 bxa6 24. Nd6 Bb7 25. Rd3 Bd5 26. Rc3 Nc5 27. Qxh6
Bxd6 28. exd6 Qxd6 29. Qg5+ Kd7 30. Qg7+ Kd8 31. Rd1 Nd7 32. Qg5+ Qe7 33. Rc8+
1-0

[Event "First Saturday 2011 marcius GM"]
[Site "Budapest"]
[Date "2011.03.09"]
[Round "5"]
[White "Womacka, Matthias"]
[Black "Mirzoev, Azer"]
[Result "1/2-1/2"]
[WhiteElo "2475"]
[BlackElo "2571"]
[PlyCount "22"]
[EventDate "2011.03.05"]

1. e4 c5 2. Nf3 d6 3. d4 cxd4 4. Nxd4 Nf6 5. Nc3 g6 6. Be3 Bg7 7. f3 O-O 8. Qd2
Nc6 9. O-O-O Nxd4 10. Bxd4 Be6 11. Kb1 Qc7 1/2-1/2

[Event "First Saturday 2011 marcius GM"]
[Site "Budapest"]
[Date "2011.03.09"]
[Round "5"]
[White "Carlstedt, Jonathan"]
[Black "Kislik, Erik Andrew"]
[Result "0-1"]
[WhiteElo "2386"]
[BlackElo "2319"]
[PlyCount "96"]
[EventDate "2011.03.05"]

1. c4 Nf6 2. g3 e6 3. Bg2 d5 4. Nf3 dxc4 5. Qa4+ Nbd7 6. Qxc4 c5 7. Qb3 Be7 8.
O-O O-O 9. Nc3 a6 10. d3 Ra7 11. a4 b6 12. Bf4 Bb7 13. Rad1 Qa8 14. e4 Bc6 15.
Rfe1 b5 16. d4 bxa4 17. Qc2 Nb6 18. dxc5 Bxc5 19. Ne5 Rc8 20. Bg5 Nfd7 21. Nxc6
Qxc6 22. e5 Qc7 23. Nxa4 Nxa4 24. Qxa4 Nxe5 25. h3 Ng6 26. Rc1 Qb6 27. Be3 Rac7
28. Bxc5 Rxc5 29. Rxc5 Rxc5 30. Qd4 Rb5 31. Qxb6 Rxb6 32. Ra1 Ne5 33. Bf1 Rxb2
34. Rxa6 g5 35. Ra5 Nf3+ 36. Kg2 Ne1+ 37. Kg1 h6 38. Ra1 Nf3+ 39. Kg2 Nd4 40.
Rd1 Nf5 41. Rd8+ Kg7 42. Bd3 Rd2 43. Kf1 Rd1+ 44. Ke2 Rh1 45. Bxf5 exf5 46. Rd5
Kg6 47. g4 Rxh3 48. Rxf5 Rh4 0-1

[Event "First Saturday 2011 marcius GM"]
[Site "Budapest"]
[Date "2011.03.09"]
[Round "5"]
[White "Szablowski, Pawel"]
[Black "Neubronner, Jarred"]
[Result "1-0"]
[WhiteElo "2404"]
[BlackElo "2262"]
[PlyCount "73"]
[EventDate "2011.03.05"]

1. Nf3 Nf6 2. c4 c5 3. Nc3 b6 4. g3 Bb7 5. Bg2 e6 6. O-O Be7 7. d4 O-O 8. d5
exd5 9. cxd5 d6 10. Re1 b5 11. Nxb5 Bxd5 12. Bf4 Qb6 13. Nc3 Bb7 14. e4 Nbd7
15. Qc2 Rfe8 16. Nd2 Ba6 17. e5 dxe5 18. Bxa8 Rxa8 19. Bxe5 Bb7 20. Bf4 Bd6 21.
Qa4 Bxf4 22. Qxf4 Nf8 23. Nc4 Qc6 24. f3 Ne6 25. Ne5 Qc7 26. Qc4 Re8 27. Rad1
Ng5 28. Nb5 Qxe5 29. Rxe5 Nxf3+ 30. Kf1 Nxe5 31. Qxc5 Nfg4 32. Nd6 Nxh2+ 33.
Kg1 Nhf3+ 34. Kh1 Nd7 35. Qf2 Re6 36. Nxb7 Rh6+ 37. Kg2 1-0

[Event "First Saturday 2011 marcius GM"]
[Site "Budapest"]
[Date "2011.03.10"]
[Round "6"]
[White "Kislik, Erik Andrew"]
[Black "Szablowski, Pawel"]
[Result "1/2-1/2"]
[WhiteElo "2319"]
[BlackElo "2404"]
[PlyCount "71"]
[EventDate "2011.03.05"]

1. e4 e5 2. Nf3 Nc6 3. Bb5 a6 4. Ba4 Nf6 5. O-O Be7 6. Re1 b5 7. Bb3 d6 8. c3
O-O 9. h3 Na5 10. Bc2 c5 11. d4 Qc7 12. Nbd2 Re8 13. b3 Bd7 14. Bb2 Bf8 15. Rc1
Nc6 16. Nf1 Qb7 17. Ng3 g6 18. Qd2 Rad8 19. d5 Ne7 20. Nh2 c4 21. bxc4 bxc4 22.
Rb1 Qc7 23. a4 Nc8 24. Ba3 Nb6 25. Bb4 Nxa4 26. Ra1 Nc5 27. Ba5 Qc8 28. Reb1
Bb5 29. Bxd8 Qxd8 30. Qe3 h5 31. Nf3 Nfd7 32. Nf1 Kh7 33. Ng5+ Kg8 34. Nf3 Kh7
35. Ng5+ Kg8 36. Nf3 1/2-1/2

[Event "First Saturday 2011 marcius GM"]
[Site "Budapest"]
[Date "2011.03.10"]
[Round "6"]
[White "Mirzoev, Azer"]
[Black "Carlstedt, Jonathan"]
[Result "1/2-1/2"]
[WhiteElo "2571"]
[BlackElo "2386"]
[PlyCount "58"]
[EventDate "2011.03.05"]

1. Nf3 d5 2. c4 e6 3. b3 c5 4. g3 Nc6 5. Bg2 Nf6 6. O-O Be7 7. Bb2 d4 8. e3 e5
9. exd4 exd4 10. d3 O-O 11. Na3 h6 12. Nc2 a5 13. h3 Bf5 14. a3 Qb6 15. Nce1 a4
16. g4 Be6 17. Nd2 Na5 18. b4 cxb4 19. Nc2 bxa3 20. Bxd4 Qd8 21. Bxf6 Bxf6 22.
Rxa3 Be7 23. Rxa4 Qxd3 24. Ne3 Bg5 25. Re1 Rfd8 26. Ndf1 Qxd1 27. Rxd1 Rxd1 28.
Nxd1 Bxc4 29. Bxb7 Rd8 1/2-1/2

[Event "First Saturday 2011 marcius GM"]
[Site "Budapest"]
[Date "2011.03.10"]
[Round "6"]
[White "Narayanan, Srinath"]
[Black "Womacka, Matthias"]
[Result "0-1"]
[WhiteElo "2310"]
[BlackElo "2475"]
[PlyCount "60"]
[EventDate "2011.03.05"]

1. e4 c5 2. Nf3 d6 3. d4 cxd4 4. Nxd4 Nf6 5. Nc3 a6 6. Bc4 e6 7. Bb3 b5 8. O-O
Be7 9. Qf3 Qb6 10. Be3 Qb7 11. Qg3 b4 12. Na4 Nbd7 13. f3 O-O 14. a3 bxa3 15.
Rxa3 d5 16. exd5 Nxd5 17. Bxd5 Qxd5 18. Rd3 Bf6 19. b3 Qh5 20. Rfd1 Ne5 21.
R3d2 Bb7 22. Nc5 Nc4 23. Nd7 Bh4 24. Qc7 Nxe3 25. Nxf8 Rxf8 26. Qxb7 Nxd1 27.
Rxd1 Rd8 28. Rd3 Qc5 29. g3 Bf6 30. c3 e5 0-1

[Event "First Saturday 2011 marcius GM"]
[Site "Budapest"]
[Date "2011.03.11"]
[Round "7"]
[White "Goh, Wei Ming K"]
[Black "Natsidis, Christoph"]
[Result "1-0"]
[WhiteElo "2382"]
[BlackElo "2329"]
[PlyCount "55"]
[EventDate "2011.03.05"]

1. e4 c5 2. Nf3 Nc6 3. Bb5 Qb6 4. Nc3 e6 5. Bxc6 Qxc6 6. d4 cxd4 7. Nxd4 Qc7 8.
O-O a6 9. Re1 b6 10. Bg5 Bb7 11. Nd5 Bxd5 12. exd5 Bd6 13. dxe6 dxe6 14. Nxe6
fxe6 15. Qd5 Ra7 16. Rxe6+ Be7 17. Qb3 Rb7 18. Rae1 Qc5 19. R1e5 Qc8 20. Qe3
Qd8 21. h3 a5 22. Qf3 Rd7 23. Rf5 Nf6 24. Bxf6 gxf6 25. Rfxf6 Rd1+ 26. Kh2 Rd6
27. Qh5+ Kd7 28. Rxe7+ 1-0

[Event "First Saturday 2011 marcius GM"]
[Site "Budapest"]
[Date "2011.03.11"]
[Round "7"]
[White "Womacka, Matthias"]
[Black "Vajda, Levente"]
[Result "1/2-1/2"]
[WhiteElo "2475"]
[BlackElo "2508"]
[PlyCount "105"]
[EventDate "2011.03.05"]

1. e4 e5 2. Nf3 Nc6 3. Bb5 a6 4. Bxc6 dxc6 5. O-O f6 6. d4 exd4 7. Nxd4 c5 8.
Ne2 Qxd1 9. Rxd1 Bd7 10. Be3 O-O-O 11. Nbc3 Re8 12. Rd2 Bc6 13. Rad1 b6 14. f3
Ne7 15. Nf4 Ng6 16. Nh5 Ne5 17. b3 c4 18. Nd5 b5 19. Kf2 a5 20. g4 b4 21. h3 c3
22. Re2 Bb5 23. Ree1 a4 24. Ng3 Kb7 25. Nf5 Ra8 26. Nd4 Bd7 27. f4 Nf7 28. f5
Bd6 29. Bf4 Ne5 30. Kg3 Rhe8 31. Nf3 axb3 32. axb3 Bc6 33. Nd4 Ra2 34. Nxc6
Kxc6 35. Re2 Rea8 36. g5 fxg5 37. Nxb4+ Kb5 38. Rd5+ Kxb4 39. Bxe5 Bxe5+ 40.
Rxe5 Rd8 41. Rd5 Rxd5 42. exd5 h5 43. Re4+ Kb5 44. Re7 Rxc2 45. Rxg7 h4+ 46.
Kf3 Rd2 47. Rxc7 Kb4 48. f6 Rxd5 49. Kg4 Rd3 50. f7 Rg3+ 51. Kh5 Rf3 52. Kxg5
Kxb3 53. Kxh4 1/2-1/2

[Event "First Saturday 2011 marcius GM"]
[Site "Budapest"]
[Date "2011.03.11"]
[Round "7"]
[White "Carlstedt, Jonathan"]
[Black "Narayanan, Srinath"]
[Result "0-1"]
[WhiteElo "2386"]
[BlackElo "2310"]
[PlyCount "70"]
[EventDate "2011.03.05"]

1. c4 c5 2. g3 g6 3. Bg2 Bg7 4. Nc3 Nc6 5. Nf3 d6 6. a3 Nh6 7. d4 cxd4 8. Bxh6
Bxh6 9. Nxd4 Ne5 10. O-O O-O 11. b3 Rb8 12. h3 Bd7 13. e3 Re8 14. Kh2 Qc8 15.
Rc1 Bg7 16. Nd5 Nc6 17. b4 Qd8 18. Qd2 Nxd4 19. exd4 e5 20. dxe5 dxe5 21. Qe3
Ra8 22. Nc3 e4 23. f3 a5 24. b5 Rc8 25. Nd5 Bxb5 26. fxe4 Bxc4 27. Nb6 Bd4 28.
Qf3 Qxb6 29. Rxc4 Rc7 30. a4 Be5 31. Rxc7 Qxc7 32. Qb3 Rd8 33. Rf3 h5 34. h4
Rd4 35. Rc3 Qd8 0-1